WWE Finishers 2017 - Statistics

General Stats
  • This quiz has been taken 466 times
    378 since last reset
  • The average score is 31 of 150
Answer Stats
Wrestler Finisher % Correct
Chris Jericho Codebreaker
90%
Chris Jericho (Submission) Walls of Jericho
85%
Triple H Pedigree
84%
Goldberg | Roman Reigns Spear
78%
Dean Ambrose Dirty Deeds
70%
Bray Wyatt Sister Abigail
66%
The Miz Skull Crushing Finale
66%
Sheamus Brogue Kick
60%
The Undertaker Tombstone Piledriver
59%
Braun Strowman Running Powerslam
57%
Kane Chokeslam
56%
Brock Lesnar F5
56%
Jeff Hardy #1 Swanton Bomb
53%
The Hardy Boyz Twist of Fate
52%
Chris Jericho (Submission #2) Liontamer
46%
John Cena Attitude Adjustment
44%
The Undertaker (Submission) Hell's Gate
44%
Big Show WMD
44%
Cesaro Gotch Neutralizer
43%
Randy Orton RKO
43%
Goldberg #2 Jackhammer
42%
Samoa Joe (Submission) Coquina Clutch
41%
Finn Bálor Coup De Grâce
41%
The Miz (Submission) Figure Four Leg Lock
41%
Cesaro (Submission) | Natalya (Submission) Sharpshooter
40%
AJ Styles Styles Clash
40%
Samoa Joe Muscle Buster
39%
Kevin Owens Pop Up Powerbomb
39%
Dolph Ziggler Zig Zag
39%
Mark Henry World's Strongest Slam
37%
Kofi Kingston Trouble in Paradise
36%
Baron Corbin End of Days
35%
Big E Big Ending
34%
Rhyno Gore
34%
John Cena (Submission) STF
34%
Alexa Bliss Twisted Bliss
34%
Bayley Bayley To Belly Suplex
32%
Sami Zayn Helluva Kick
30%
AJ Styles #2 Phenomenal Forearm
29%
Seth Rollins Ripcord Knee
29%
Dolph Ziggler #2 Superkick
29%
Neville Red Arrow
28%
Sheamus (Submission) Cloverleaf
27%
Finn Bálor #2 1916
26%
Sasha Banks (Submission) Bank Statement
26%
Shane McMahon Coast to Coast
26%
Brock Lesnar (Submission) Kimura Lock
26%
AJ Styles (Submission) Calf Crusher
24%
Nia Jax Leg Drop
24%
Gallows & Anderson Magic Killer
24%
The Revival Shatter Machine
24%
Sheamus #2 White Noise
24%
Nia Jax #2 Samoan Drop
23%
Becky Lynch (Submission) Disarmher
22%
Shinsuke Nakamura Kinshasa
22%
Elias Samson Drift Away
21%
Kalisto Salida Del Sol
21%
Kofi Kingston #2 SOS
21%
The Undertaker #2 The Last Ride
21%
Zack Ryder Rough Ryder
20%
Charlotte Flair (Submission) Figure Eight Leg Lock
19%
The New Day Midnight Hour
17%
R-Truth Lil' Jimmy
16%
Sami Zayn #2 Blue Thunderbomb
15%
Baron Corbin #2 Deep Six
15%
Goldust Final Cut
15%
The Usos Superfly Splash
15%
Titus O'Neill Clash Of The Titus
14%
Charlotte Flair Natural Selection
14%
Paige Rampaige
14%
Matt Hardy Side Effect
14%
Jeff Hardy #3 Whisper In The Wind
14%
Cedric Alexander Lumbar Check
13%
Jack Swagger (Submission) Patriot Lock
13%
Mustafa Ali 054
12%
Darren Young Gut Check
12%
Apollo Crews #2 Standing Moonsault
12%
Rusev (Submission) The Accolade
12%
Luke Harper Discus Clothesline
11%
Big Cass #2 Empire Elbow
11%
The Brian Kendrick (Submission) Captain's Hook
10%
Darren Young (Submission) Crossface Chicken Wing
10%
Mickie James Mick Kick
10%
Curtis Axel Perfect Plex
10%
Neville (Submission) Rings of Saturn
10%
Carmella (Submission) Code of Silence
9%
Enzo Amore JarDonZo
9%
Enzo & Cass Badaboom Shakalaka
8%
Gallows & Anderson #2 Boot of Doom
8%
Emma (Submission) Emma Lock
8%
Luke Gallows Gallows Pole
8%
Drew Gulak (Submission) Gu-Lock
8%
Jinder Mahal Khallas
8%
Rich Swann #2 Phoenix Splash
8%
Nikki Bella Rack Attack 2.0
8%
Alicia Fox Scissors Kick
8%
Apollo Crews Spinout Powerbomb
8%
Big Cass East River Crossing
7%
Gran Metalik Metalik Driver
7%
Jeff Hardy #2 Poetry in Motion
7%
Sin Cara Senton Bomb
7%
Xavier Woods Shining Wizard
7%
The Brian Kendrick Sliced Bread
7%
Curt Hawkins Heatseeking Elbow
6%
Mickie James #2 Mickie DDT
6%
James Ellsworth No Chin Music
6%
Heath Slater Smash Hit
6%
Karl Anderson Spinebuster
6%
Jack Swagger Swagger Bomb
6%
Austin Aries (Submission) The Last Chancery
6%
Tyler Breeze Beauty Shot
5%
Tajiri Buzzsaw Kick
5%
The Ascension Fall of Man
5%
Rusev Machka Kick
5%
Tye Dillinger Tyebreaker
5%
TJ Perkins Detonation Kick
4%
Fandango Falcon Arrow
4%
TJ Perkins (Submission) Kneebar
4%
Dana Brooke Samoan Driver
4%
Alexa Bliss #2 Snap DDT
4%
American Alpha Grand Amplitude
3%
Bo Dallas Rollin' The Dice
3%
The Golden Truth Solid Gold
3%
Naomi Split-Legged Moonsault
3%
Tony Nese The Running Kneese
3%
Aiden English Director's Cut
2%
Austin Aries Discus Five-arm
2%
Matt Hardy #2 Flying Leg Drop
2%
Erick Rowan #2 Full Nelson Slam
2%
Jack Gallagher Gentleman's Dropkick
2%
Ariya Daivari Hammerlock Clothesline
2%
Mojo Rawley Hyper Drive
2%
The Hype Bros Hype Ryder
2%
Lince Dorado Lynx-sault
2%
Noam Dar Running Enzuigiri
2%
Eva Marie Sliced Red
2%
Rich Swann Spin Kick
2%
Erick Rowan Spinning Heel Kick
2%
Tajiri (Submission) The Tarantula
2%
The Vaudevillains Whirling Dervish
2%
Akira Tozawa Bridging Snap German Suplex
1%
Noam Dar (Submission) Champagne Superkneebar
1%
The Colóns Double Backstabber
1%
Nikki Bella (Submission) Fearless Lock
1%
Drew Gulak Gory Special
1%
Lince Dorado #2 Poisoned Frankensteiner
1%
Lana Sitout Spinebuster
1%
Cesaro #2 Sudden Impact
1%
No matching quizzes found
Score Distribution
Percent of People with Each Score
Percentile by Number Answered
Your Score History
You have not taken this quiz since the last reset